| 000 | 00460nam a22001697a 4500 | ||
|---|---|---|---|
| 003 | NUST - PNEC | ||
| 005 | 20170116181057.0 | ||
| 008 | 151001b xxu||||| |||| 00| 0 eng d | ||
| 020 | _a0070991294 | ||
| 040 | _cLIBRARY | ||
| 082 | _a005.7565 LIS | ||
| 100 |
_912089 _aLiskin, Miriam |
||
| 245 |
_aAdvanced dBase III plus : programming and techniques _cMiriam Liskin |
||
| 260 | _c1986 | ||
| 650 |
_911821 _adBASE III plus (Computer file) |
||
| 942 |
_2ddc _cBK |
||
| 999 |
_c68576 _d68576 |
||